000
00302nam a2200121Ia 4500
005
20251222144630.0
008
251222s9999||||xx |||||||||||||| ||spa||
082
_a
362.985/G67
100
_a
Gonzáles Criollo, Guillermo
245
0
_a
La Seguridad Social en el Perú
264
_b
OSREVI
942
_c
LIB
999
_c
16275
_d
16275